000 00636nam a22002177a 4500
003 UA-OsUOA
001 98508
007 ta
008 20130415b un ||||| |||| 00| 0 ukr d
090 _a821.161.1
_bП44
942 _cBK
040 _aUA-OsUOA
_brus
_cUA-OsUOA
_dUA-OsUOA
245 _aПодвиг живет вечно
_bрассказы о разведчиках
_cСост. Василевич И.
300 _a336 с.
955 _a3
041 _arus
080 _a821.161.1
260 _aМ.
_bПолитиздат
_c1990
650 7 _a82 Література. Літературознавство
_2UDC
999 _c384423
_d384423